| 000 | 00433nam a2200193Ia 4500 | ||
|---|---|---|---|
| 003 | 0100 | ||
| 008 | 130303s9999 xx 000 0 und d | ||
| 040 | _cARRUPELIB | ||
| 050 | _aQ175.P57 1981 | ||
| 100 | _aPlanck, Max | ||
| 245 | _aWhere is science going? | ||
| 260 | _aWoodbridge, Connecticut | ||
| 260 | _bOx Bow press | ||
| 260 | _C1981 | ||
| 300 | _a224p. | ||
| 300 | _b 22cm | ||
| 650 | _bJesuits | ||
| 942 |
_2lcc _02 |
||
| 999 |
_c64866 _d64866 |
||